Quinto informe Estado de la Nación en Desarrollo Humano Sostenible 2016 /
Uloženo v:
| Korporativní autor: | |
|---|---|
| Médium: | Kniha |
| Jazyk: | Spanish |
| Tagy: |
Přidat tag
Žádné tagy, Buďte první, kdo vytvoří štítek k tomuto záznamu!
|
MARC
| LEADER | 00000nam a22000007a 4500 | ||
|---|---|---|---|
| 003 | cru CIDCACS/IIS | ||
| 005 | 20200925161256.0 | ||
| 007 | ta | ||
| 008 | 170322e2016 cr ||||| |||| 00| 0 spa d | ||
| 040 | |c CRAI/IIS |a CRAI/IIS | ||
| 090 | |a REV1688 (5) 2016 | ||
| 110 | 2 | |9 197 |a Programa Estado de La Nación (Costa Rica) | |
| 245 | 1 | |a Quinto informe Estado de la Nación en Desarrollo Humano Sostenible 2016 / |c Programa Estado de la Nación-Región | |
| 300 | |a 452 páginas: |b tablas, gráficos, mapas | ||
| 773 | 0 | |0 19032 |9 443 |a Programa Estado de La Nación (Costa Rica) |d San José, Costa Rica Programa Estado de la Nación; CONARE; Defensoría de los Habitantes; |o R17895 |t Estado de la Región en Desarrollo Humano Sostenible: | |
| 942 | |2 ddc |c PP | ||
| 999 | |c 19033 |d 19033 | ||
